| 000 | 01284cam a2200217 4500 | ||
|---|---|---|---|
| 001 | L130892 | ||
| 008 | 050603n2005 000 0 eng u | ||
| 035 | _a(Sirsi) u130892 | ||
| 041 | 0 | _aeng | |
| 050 | 0 | 4 |
_a346.4104342 _c18 |
| 110 | 2 |
_aRoyal Institution of Chartered Surveyors _bPublic Affairs _94679 |
|
| 245 |
_aRICS residential lettings survey Great Britain _bJuly 2005 |
||
| 260 |
_aLondon _bRICS _c2005 |
||
| 490 |
_aRICS Residential Lettings Survey Great Britain _vJuly 2005 |
||
| 520 | _aRecords that residential rents increased at their fastest pace in four years in the three months to July 2005. Tenant demand continues to rise and levels of new available rented property have risen as more buy-to-let investors enter the market and existing landlords decide not sell when tenantcy agreements expire. This has meant that surveyors' expectations for rent rises have decreased everywhere except London and southwest England. | ||
| 590 | _aIKA130905 | ||
| 650 | 2 | 4 | _aRICS RESIDENTIAL LETTINGS SURVEY GREAT BRITAIN |
| 690 | _aPROPERTY-RESIDENTIAL PROPERTY-RESIDENTIAL PROPERTY TENURE-LEASEHOLD RESIDENTIAL PROPERTY | ||
| 856 | 4 | 0 |
_uhttps://www.rics.org/Global/Downloads/ResidentialLettingsSurvey200507.pdf _zView the report free of charge at www.rics.org... |
| 942 | _n0 | ||
| 999 |
_c104597 _d104597 |
||